| 000 | 00783nam a22002177a 4500 | ||
|---|---|---|---|
| 999 |
_c12685 _d12685 |
||
| 003 | AR-CdUCM | ||
| 008 | 190409b ||||| |||| 00| 0 spa d | ||
| 040 |
_aMUNICIPALIDAD PROVINCIAL DEL CUSCO _cBIBLIOTECA MUNICIPAL DEL CUSCO |
||
| 082 |
_22ed. _a869.1009 / _bG25 |
||
| 100 |
_aGaribay Kintana, Angel María _930673 |
||
| 245 | _aHistoria de la literatura nahuatl / | ||
| 260 |
_aMéxico, D.F : _bEdit. Porrúa, _c1953. |
||
| 300 |
_a501 paginas ; _bIlustraciones, _c29 cm. |
||
| 505 | _aContenido : Generalidades sobre la poesía -- Poesía religiosa -- Poesía lírica -- Poemas Otomies -- Poesía épica... | ||
| 650 |
_aPoesia _91598 |
||
| 650 |
_aProsa _92210 |
||
| 650 |
_aPoemas _9315 |
||
| 650 |
_aDiscurso _92504 |
||
| 942 |
_2ddc _cLIBROS |
||
| 945 |
_awnts _d2019-04-09 |
||